La Venda dels terns de Sant Valeri i Sant Vicens i la Mancomunitat
Descripción Física:
30 p. ; 22'5 cm
MARC
| LEADER | 00000nam a2200000Ia 4500 | ||
|---|---|---|---|
| 001 | 721 | ||
| 008 | 160829s1922 xx 000 0 cat d | ||
| 080 | |a RF-4-24 | ||
| 245 | |a La Venda dels terns de Sant Valeri i Sant Vicens i la Mancomunitat | ||
| 260 | |a Barcelona : |b (Imp. Casa Caritat), |c 1922 | ||
| 300 | |a 30 p. ; |c 22'5 cm | ||
| 590 | |a Hi ha dos duplicats: R. 8229, DUP-21-21; R. 1184, DUP-186-2 | ||
| 650 | |a Vestidures eclesiàstiques |x Lleida |x Història |x Fonts |9 25744 | ||
| 650 | 0 | |a Patrimoni cultural |x Protecció |x Catalunya |9 25745 | |
| 856 | 4 | |u https://media.diba.cat/diba/fitxers/arxiu/fulletons/bib_721_1922_baixa.pdf |y Accés lliure | |
| 856 | 4 | |u https://media.diba.cat/diba/fitxers/arxiu/fulletons/bib_721_1922_baixa.pdf |y Accés lliure | |
| 901 | |a Arxiu | ||
| 942 | |n 1 |2 udc | ||
| 952 | |0 0 |1 0 |4 0 |6 RF424 |7 1 |9 43779 |a Arxiu |b Arxiu |d 2016-12-01 |l 0 |o RF-4-24 |p 721 |r 2016-12-01 00:00:00 |w 2016-12-01 |y ARXIU | ||
| 999 | |c 46327 |d 46327 | ||
| 900 | |a bib_721_1922_baixa.pdf | ||